LEADER 01129nam a2200241 i 4500 001 000000145195 003 CaOOAMICUS 005 20051118000000.0 008 051118s1976 it u000 u ita u 013 $a120587 040 $aSeMil$bita 100 1 $aPorta, Carlo,$d<1776-1821>.$0(OLS)http://semarc/name/4108 245 13$aLa poesia di Carlo Porta e la tradizione milanese :$bAtti del Convegno di studi organizzato dalla Regione Lombardia, Milano 16-17-18 ottobre 1975. 260 $aMilano :$bFeltrinelli,$c1976. 300 $a222 p. ;$c20 cm. 490 0 $aSC/10 ;$v72 650 4$aPorta, Carlo - Congressi - 1975.$0(OLS)http://semarc/subject/28416 830 0$aSC/10 ;$v72.$0(OLS)http://semarc/title/6592 850 $aSeMil 852 $aSeMil$W1$xVenegono$y1$m1B III 81$j98013$B98013$CSeMilBibl$Z2$F106027 $81 961 $aLascito: Malvezzi Elio 996 $6245$aLa poesia di Carlo Porta e la tradizione milanese :$bAtti del Convegno di studi organizzato dalla Regione Lombardia, Milano 16-17-18 ottobre 1975$9(OLS)http://semarc/title/212375 996 $6260$aMilano :$bFeltrinelli$9(OLS)http://semarc/publisher/30237 LEADER 01144nam a2200241 i 4500 001 000000053544 003 CaOOAMICUS 005 20260213143940.0 008 090907s1958 it u000 u eng u 040 $aSeMil$bita 100 1 $aSchönberg, Martin W.,$c.$0(OLS)http://semarc/name/26444 245 14$aThe notion of uiothesia in the Pauline writings /$cauctore fr. M. W. Schoenberg. 264 1$aRomae :$b[s.n.],$c1958. 300 $aXVI, 103 p. ;$c23 cm. 500 $aIn mezzo al front.: Dissertatio ad Lauream in Facultate Theologica Pontificiae Universitatis Gregorianae 650 4$aTesi di laurea.$0(OLS)http://semarc/subject/1690 650 4$aBibbia - NT - Paolo - Commentari, studi, critica, interpretazioni.$0(OLS)http://semarc/subject/41326 710 2 $aPontificia Universitā Gregoriana .$0(OLS)http://semarc/name/5 850 $aSeMil 852 $aSeMil$W1$xVenegono$y1$m4Z I 23$j267193$B19698$CSeMilBibl$Z2$F19700 $81 996 $6245$aThe notion of uiothesia in the Pauline writings$9(OLS)http://semarc/title/82510 996 $6264$aRomae :$b[s.n.]$9(OLS)http://semarc/publisher/29812